Histoire de la littérature suisse des origines á nos jours / (Record no. 133020)

MARC details
000 -LEADER
campo de control de longitud fija 00632nam a2200193 i 4500
001 - NÚMERO DE CONTROL
campo de control 133020
003 - IDENTIFICADOR DE NÚMERO DE CONTROL
campo de control ES-MaACL
005 - FECHA Y HORA DE LA ÚLTIMA TRANSACCIÓN
campo de control 20250801144806.0
007 - CAMPO FIJO DE DESCRIPCIÓN FÍSICA--INFORMACIÓN GENERAL
campo de control de longitud fija t|
008 - DATOS DE LONGITUD FIJA--INFORMACIÓN GENERAL
campo de control de longitud fija 070214s1910 sz r ||||1| fre d
100 1# - ENTRADA PRINCIPAL--NOMBRE DE PERSONA
Nombre de persona Rossell, Virgile.
9 (RLIN) 99836
245 10 - MENCIÓN DEL TÍTULO
Título Histoire de la littérature suisse des origines á nos jours /
Mención de responsabilidad, etc. Virgile Rossell, Henri-Ernest Jenny.
260 ## - PUBLICACIÓN, DISTRIBUCIÓN, ETC.
Lugar de publicación, distribución, etc. Lausanne :
Nombre del editor, distribuidor, etc. [s.n.],
Fecha de publicación, distribución, etc. 1910 (
Fabricante Delachaux et Niestlé)
300 ## - DESCRIPCIÓN FÍSICA
Extensión 2 v. ;
Dimensiones 19 cm.
650 #7 - PUNTO DE ACCESO ADICIONAL DE MATERIA--TÉRMINO DE MATERIA
Término de materia o nombre geográfico como elemento de entrada Literatura suiza-
Subdivisión general Historia y crítica
Fuente del encabezamiento o término
9 (RLIN) 161178
700 1# - ENTRADA AGREGADA--NOMBRE PERSONAL
Nombre de persona Jenny, Henri-Ernest.
9 (RLIN) 66309
852 ## - LOCALIZACIÓN
Ubicación ES-MaACL
Número de control de estantería G-15277-78
Holdings
Estatus retirado Estado de pérdida Estado de daño No para préstamo Biblioteca de origen Biblioteca actual Ubicación en estantería Fecha de adquisición Fuente de adquisición Total de préstamos Signatura topográfica completa Código de barras Visto por última vez Precio de reemplazo Tipo de ítem Koha
        Biblioteca del Ateneo de Madrid Biblioteca del Ateneo de Madrid Sala Pecera Planta 3 17/01/2008     G-15277-78 1138484 23/02/2023 23/02/2023 Libro impreso